| 000 | 00909cam a22002054a 4500 | ||
|---|---|---|---|
| 005 | 20250605164119.0 | ||
| 008 | 250528s ||||||||||||||||||||||||d | ||
| 035 | _a18183 | ||
| 020 | _a71154329 | ||
| 040 |
_aGR-AtMCL _bgre _dGR-AtMCL _eAACR2 |
||
| 245 | 1 | _aProgramming in Visual Basic / Version 5.0 | |
| 260 |
_bIrwin Mcgraw-Hill, _c1998 |
||
| 300 | _a588 | ||
| 520 | _aIntroduction to Visual Basic, More Controls, Variables and Constants and Calculations, Decisions and Conditions, Menus and Sub Procedures and Sub Functions, Multiple Forms, Lists and Loops and Printing, Arrays, Data Files, Accessing Database Files, Advanced Data Handling and Grids and Validation and Selection and SQL, Drag and Drop, Graphics, Advanced Topics in Visual Basic, Glossary, Index. | ||
| 700 | 1 |
_aBradley Case Julia _94471 |
|
| 700 | 1 |
_aMillspaugh Anita C _94472 |
|
| 942 | _cBK | ||
| 999 |
_c3562 _d3562 |
||